000 005700000a22001810004500
003 MACL
005 20160610124440.0
008 160610b xxu||||| |||| 00| 0 eng d
040 _aMACL
_cMACL
041 _aHindi
082 _a891.433
100 _aकुमार, सत्‍येन
_958788
245 _aबर्फ तथा अन्‍य कहानियॉ
_cसत्‍येन कुमार
260 _bराजकमल प्रकाशन
_c1983
_aपटना
350 _a60
650 _aStories
_963784
942 _cHIN
_k891.433
_2ddc
999 _c29710
_d29710